Southville International School and Colleges
Your cart is empty.
  • Cart
  • Lists
    Public lists Eva Luna New books Lux_list list_1
    Your lists Log in to create your own lists
  • Log in to your account
  • Your cookies
  • Search history
Southville International School and Colleges
  • Advanced search
  • Recent comments
  • Most popular
  • Libraries

Log in to your account

Log in with GOOGLE


If you do not have an external account, but do have a local account, you can still log in:

  1. Home
  2. MARC view: Oxford GCSE maths for Edexcel :
Normal view MARC view ISBD view

Oxford GCSE maths for Edexcel : (Record no. 115784)

[ view plain ]
MARC details
000 -LEADER
fixed length control field 00697nam a22002177a 4500
003 - CONTROL NUMBER IDENTIFIER
control field OSt
005 - DATE AND TIME OF LATEST TRANSACTION
control field 20140506082131.0
008 - FIXED-LENGTH DATA ELEMENTS--GENERAL INFORMATION
fixed length control field 130722t xxu||||| |||| 00| 0 eng d
020 ## - INTERNATIONAL STANDARD BOOK NUMBER
International Standard Book Number 9780199139408
050 ## - LIBRARY OF CONGRESS CALL NUMBER
Classification number QA 11
Item number .G795 2010
082 ## - DEWEY DECIMAL CLASSIFICATION NUMBER
Classification number TR 510
Item number G795hp 2010
100 ## - MAIN ENTRY--PERSONAL NAME
Personal name Green, Christopher
9 (RLIN) 2661
245 ## - TITLE STATEMENT
Title Oxford GCSE maths for Edexcel :
Remainder of title higher - teacher's guide /
Statement of responsibility, etc Christopher Green, Ian Bettison.
260 ## - PUBLICATION, DISTRIBUTION, ETC. (IMPRINT)
Place of publication, distribution, etc Oxford :
Name of publisher, distributor, etc Oxford University Press,
Date of publication, distribution, etc c2010.
300 ## - PHYSICAL DESCRIPTION
Extent 257 p. ;
Other physical details ill. ;
Dimensions 30 cm.
562 ## - COPY AND VERSION IDENTIFICATION NOTE
Number of copies 1
650 ## - SUBJECT ADDED ENTRY--TOPICAL TERM
Topical term or geographic name as entry element Mathematics
General subdivision Study and teaching (Secondary)
-- Great Britain
9 (RLIN) 2662
700 ## - ADDED ENTRY--PERSONAL NAME
Personal name Green, Christopher
9 (RLIN) 2663
942 ## - ADDED ENTRY ELEMENTS (KOHA)
Source of classification or shelving scheme Library of Congress Classification
Koha item type Books
Holdings
Withdrawn status Lost status Source of classification or shelving scheme Damaged status Home library Current library Shelving location Date acquired Sub Shelving location Total Checkouts Total Renewals Full call number Barcode Date last seen Date checked out Copy number Price effective from Koha item type
    Library of Congress Classification   Luxembourg Library Luxembourg Library Teachers Reference Section 05/06/2014   1 2 QA 11 .G795 2010 19241 04/11/2015 05/28/2014 1 05/06/2014 Books

Oxford GCSE maths for Edexcel :

APA

Green C., Green C., . (2010). Oxford GCSE maths for Edexcel. Oxford: Oxford University Press.

Chicago

Green Christopher, Green Christopher, . 2010. Oxford GCSE maths for Edexcel. Oxford: Oxford University Press.

Harvard

Green C., Green C., . (2010). Oxford GCSE maths for Edexcel. Oxford: Oxford University Press.

MLA

Green Christopher, Green Christopher, . Oxford GCSE maths for Edexcel. Oxford: Oxford University Press. 2010.

  • Place hold
  • Print
  • Cite
  • Add to your cart (remove)
  • Save record
    BIBTEX Dublin Core MARCXML MARC (non-Unicode/MARC-8) MARC (Unicode/UTF-8) MARC (Unicode/UTF-8, Standard) MODS (XML) RIS
  • More searches
    Search for this title in:
    Other Libraries (WorldCat) Other Databases (Google Scholar) Online Stores (Bookfinder.com) Open Library (openlibrary.org)

Exporting to Dublin Core...

SOUTHVILLE LIBRARY

Southville International School and Colleges Library

1281 Tropical Ave. Cor. Luxembourg St., BF Homes International, Las Pinas City

Tel. No. 8256374 / 252358 Loc. 117/146

Powered by Koha